00446nam a2200133Ia 4500008004100000041000800041082002000049100007700069245008600146260004900232300000800281440000600289999001700295230128s9999 xx 000 0 und d aeng aPAT PR0648bPAT aPatil Priyanka - 2k161102; Ganesh Lotke - Guide & Sahyadri Farms9119005 aStudy Of Iqf Food Processing Technology And Processing Management For Mango Dices c2016bSavitribai Phule Pune UniversityaPune a66p v1 c97309d97309